| 000 | 00989ntm a2200265 i 4500 | ||
|---|---|---|---|
| 001 | 176608 | ||
| 003 | ES-MaACL | ||
| 005 | 20250903092858.0 | ||
| 008 | 110126s1842 sp c |||| | spa d | ||
| 040 | _cES-MaACL | ||
| 080 | _a017.1(460.27 M.) Ateneo | ||
| 110 | 2 |
_aAteneo de Madrid. _bBiblioteca _91951 |
|
| 245 | 1 | 0 |
_aÍndice de la Biblioteca del Ateneo de Madrid [ _hManuscrito]. |
| 260 |
_aMadrid, _c1842. |
||
| 300 |
_a2 volúmenes ; _c32 cm. |
||
| 505 |
_aVol. I: Letras A-G -- v. II: Letras H-Z _t. |
||
| 530 | _aDisponible en formato digital | ||
| 610 | 2 | 4 |
_aAteneo de Madrid. _bBiblioteca- _vCatálogos _91952 |
| 655 | 0 |
_aCatálogos de bibliotecas _9193634 |
|
| 852 |
_aES-MaACL _cDEPO _dOlim: F-14512-13 _jR-1596-97 _x |
||
| 856 |
_uhttps://bvpb.mcu.es/es/consulta/registro.do?id=577707 _yVersión en línea _z(Biblioteca Virtual del Patrimonio Bibliográfico) |
||
| 942 |
_cMANUSCRITO _n0 |
||
| 999 |
_c176608 _d176608 |
||